Statistics for Crowd-Sourced General Knowledge #24

Click here to take the quiz!

General Stats

  • This quiz has been taken 20,425 times
  • The average score is 11 of 20

Answer Stats

QuestionAnswer% Correct
What are the only two countries where you CAN'T buy Coca-Cola?North Korea
82%
What TV show follows the story of a chemistry teacher who becomes a drug kingpin?
Breaking Bad
81%
What kind of bullet do you need to kill a werewolf?Silver bullet
79%
In what country was Elon Musk born?South Africa
75%
What Marvel movie is about a god getting sent to earth?Thor
75%
What gas makes soda bubbly?Carbon dioxide
72%
What sportsman has the nickname CR7?Cristiano Ronaldo
69%
What car company was started in 1963 to compete with Ferarri?Lamborghini
66%
You might not realize it, but unless you live in an area with lots of light pollution,
you've probably seen two different gas giants. Name one of them.
Jupiter / Saturn
59%
What surface are the tennis matches played on at the French Open?Clay
58%
What animal's scientific name is Equus ferus caballus?Horse
57%
What notable battle took place in Belgium in 1815?Battle of Waterloo
56%
What couple was paid a reported $100 million by Netflix in 2022 to tell their story?
Harry and Meghan
55%
What common French first name means "man from France"?François
48%
What are the only two countries where you CAN'T buy Coca-Cola?Cuba
44%
With a population of under 400,000, what founding member of NATO remains the
smallest of the member nations?
Iceland
44%
What were Pavarotti, Domingo, and Carreras known as collectively?The Three Tenors
38%
What was the common term for a living room in the 19th century?Parlor / Drawing room
34%
What rock band recorded "Panama" and "Hot for Teacher"?Van Halen
30%
What popular holiday did Pakistan's high court ban from public places in 2017?Valentine's Day
18%

Score Distribution

Percentile by Number Answered

Percent of People with Each Score

Your Score History

You have not taken this quiz